| 000 | 01184cam a22002894a 4500 | ||
|---|---|---|---|
| 001 | 13651427 | ||
| 003 | ARRUPE | ||
| 005 | 20150409020006.0 | ||
| 008 | 040712s2004 nyu b 000 0 eng | ||
| 010 | _a 2004016204 | ||
| 020 | _a0824522680 (alk. paper) | ||
| 040 |
_aDLC _cDLC _dDLC |
||
| 042 | _apcc | ||
| 050 | 0 | 0 |
_aBX2350.3 _b.B73 2004 |
| 082 | 0 | 0 |
_a248.4/82 _222 |
| 100 | 1 |
_aBrackley, Dean. _913070 |
|
| 245 | 1 | 4 |
_aThe call to discernment in troubled times : _bnew perspectives on the transformative wisdom of Ignatius of Loyola / _cDean Brackley. |
| 260 |
_aNew York : _bCrossroad Pub. Co., _cc2004. |
||
| 300 |
_axx, 297 p. ; _c24 cm. |
||
| 504 | _aIncludes bibliographical references (p. 266-296). | ||
| 600 | 0 | 0 |
_aIgnatius, _cof Loyola, Saint, _d1491-1556. _tExercitia spiritualia. _913071 |
| 650 | 0 |
_aSpiritual life _xCatholic Church. _913072 |
|
| 856 | 4 | 1 |
_3Table of contents _uhttp://www.loc.gov/catdir/toc/ecip0420/2004016204.html |
| 906 |
_a7 _bcbc _corignew _d1 _eecip _f20 _gy-gencatlg |
||
| 942 |
_2lcc _cMONOGRAPH _02 |
||
| 999 |
_c121390 _d121390 |
||